[Event "Copper State Int"]
[Site "Mesa USA"]
[Date "2009.05.29"]
[Round "2"]
[White "Ramirez,Alej"]
[Black "Ristovic,N"]
[Result "1-0"]
[WhiteElo "2563"]
[BlackElo "2252"]

1.c4 c6 2.e4 d5 3.exd5 cxd5 4.cxd5 Nf6 5.Nc3 Nxd5 6.Nf3 Nb6 7.d4 g6 8.Bd3 Bg7
9.O-O O-O 10.Be4 Nc6 11.d5 Na5 12.Bg5 Nac4 13.Qe2 Re8 14.Rad1 Nxb2 15.Qxb2 Na4
16.Nxa4 Bxb2 17.Nxb2 Qb6 18.Nc4 Qa6 19.Bd3 Qxa2 20.Rfe1 Qa4 21.Ra1 Qb4 22.Reb1 Qc5
23.Nb6 Bg4 24.Be3 Qd6 25.Nxa8 Rxa8 26.Be4 f5 27.Bc2 Rc8 28.Bd1 Rc3 29.Bd4 Ra3
30.Rxb7 Rxa1 31.Bxa1 Qa6 32.Rb8+ Kf7  1-0

[Event "3rd ENCI Limburg Open"]
[Site "Maastricht NED"]
[Date "2009.05.30"]
[Round "2"]
[White "Simenon,J"]
[Black "Andok,C"]
[Result "1/2-1/2"]
[WhiteElo "2213"]
[BlackElo "2085"]

1.c4 c6 2.g3 d5 3.Nf3 Nf6 4.Bg2 e6 5.O-O Bd6 6.d4 Nbd7 7.Nbd2 O-O 8.Qc2 Re8
9.Rd1 h6 10.e4 dxe4 11.Nxe4 Nxe4 12.Qxe4 Nf6 13.Qe2 Qe7 14.Ne5 c5 15.dxc5 Bxc5
16.Be3 Qc7 17.Bxc5 Qxc5 18.Rac1 Qc7 19.c5 Rb8 20.b4 Rf8 21.c6 Nd5 22.cxb7 Qxb7
23.Nc6 Ra8 24.a3 Kh8 25.Qe5 Qa6 26.Na5 Bd7 27.Bf1 Qb6 28.Nc4 Qb8 29.Bg2 Ba4
30.Re1 Qxe5 31.Nxe5 Bb3 32.Rb1 Bc2 33.Rb2 Rac8 34.Bxd5 exd5 35.Nd7 Rfd8 36.Nc5 Bg6
37.Rd2 a5 38.Nb7 Re8 39.Red1 Rc3 40.bxa5 Rxa3 41.Rxd5 Be4  1/2-1/2

[Event "Copper State Int"]
[Site "Mesa USA"]
[Date "2009.05.31"]
[Round "5"]
[White "Ginsburg,M"]
[Black "MacKinnon,K"]
[Result "1-0"]
[WhiteElo "2380"]
[BlackElo "2145"]

1.c4 c6 2.d4 d5 3.Nf3 Nf6 4.Qc2 e6 5.g3 Nbd7 6.Bg2 Bd6 7.O-O O-O 8.Nbd2 Qe7
9.b3 e5 10.dxe5 Nxe5 11.Bb2 Rd8 12.Rad1 Bg4 13.Nd4 dxc4 14.bxc4 Ba3 15.Ba1 Re8
16.h3 Bd7 17.e4 c5 18.Nb5 Bxb5 19.cxb5 Bb4 20.f4 Ng6 21.e5 Rad8 22.Nc4 Nh5
23.Qf2 Rxd1 24.Rxd1 Rd8 25.Bd5 Rd7 26.Qf3 Qd8 27.e6  1-0

[Event "XXXI Nezhmetdinov Mem"]
[Site "Kazan RUS"]
[Date "2009.06.01"]
[Round "2"]
[White "Ivanov,NikolayA"]
[Black "Toropov,P"]
[Result "0-1"]
[WhiteElo "1984"]
[BlackElo "2176"]

1.c4 c6 2.Nf3 Nf6 3.g3 d5 4.b3 Bf5 5.Bg2 e6 6.O-O Bd6 7.d3 O-O 8.Nbd2 Qe7
9.Bb2 Bg6 10.Rc1 Ba3 11.Qc2 Nbd7 12.Bxa3 Qxa3 13.Rb1 a5 14.Qb2 Qe7 15.a3 e5
16.b4 axb4 17.axb4 Ra4 18.b5 Rfa8 19.Ra1 e4 20.Rxa4 Rxa4 21.Nh4 e3 22.Nxg6 hxg6
23.bxc6 bxc6 24.Nf3 exf2+ 25.Kh1 dxc4 26.d4 Nd5 27.Ne5 Nxe5 28.dxe5 Rb4 29.Qa1 Ne3
30.Rxf2 Qb7 31.Qd4 Rb1+ 32.Rf1 Rxf1+  0-1

[Event "XXXI Nezhmetdinov Mem"]
[Site "Kazan RUS"]
[Date "2009.06.04"]
[Round "5"]
[White "Gabdrakhmanov,R"]
[Black "Alavkin,A"]
[Result "1/2-1/2"]
[WhiteElo "2365"]
[BlackElo "2460"]

1.c4 c6 2.d4 d5 3.e3 Nf6 4.Nf3 a6 5.Nc3 b5 6.b3 Bf5 7.Be2 e6 8.O-O Bd6 9.Bb2 Nbd7
10.a3 Ne4 11.h3 O-O 12.Nxe4 Bxe4 13.Nd2 Bg6 14.Re1  1/2-1/2

[Event "59th ch-RUS w HL"]
[Site "Voronezh RUS"]
[Date "2009.06.07"]
[Round "7"]
[White "Khropova,L"]
[Black "Butuc,M"]
[Result "0-1"]
[WhiteElo "2014"]
[BlackElo "2170"]

1.c4 c6 2.Nc3 d5 3.d4 Nf6 4.Nf3 dxc4 5.a4 Bf5 6.Ne5 Nbd7 7.Nxc4 Nb6 8.e3 e6
9.Qb3 Qc7 10.Be2 Nxc4 11.Qxc4 Bd6 12.h3 O-O 13.O-O Rad8 14.f4 Bg6 15.b4 Nd5
16.Nxd5 exd5 17.Qc3 Be4 18.Bf3 Rfe8 19.Bd2 Qe7 20.Rac1 Rc8 21.Bxe4 Qxe4 22.Qc2 Qe7
23.Qb1 a6 24.Rc2 Qe4 25.Rb2 Qe7 26.Qd3 h6 27.Qf5 g6 28.Qd3 Qf6 29.Rbb1 Rc7
30.Rf3 Re4 31.Qf1 Qe7 32.Kh1 Rc8 33.Qf2 Re8 34.Kg1 Kh7 35.Kh1 Kg8 36.Rb3 Kh7
37.g4 Qd7 38.f5 g5 39.Qg2 Rg8 40.Be1 h5 41.Bg3 hxg4 42.hxg4 Kg7 43.Bxd6 Qxd6
44.Rh3 Rh8 45.Rxh8 Kxh8 46.Qh3+ Kg7 47.Kg2 Re8 48.Qh2 Qe7 49.Qe5+ Qxe5 50.dxe5 Rxe5
51.Kf3 Re4 52.a5 Kf6 53.Rb1 Re7 54.Rb2 Ke5 55.Rb3 Rd7 56.Rb1 d4 57.exd4+ Rxd4
58.Rb2 Kd5 59.Re2 Rxb4 60.Re7 Rb3+ 61.Kf2 f6 62.Re6 c5 63.Rxf6 c4 64.Rf7 c3
65.Rc7 Rb4 66.Rxc3 Rxg4 67.Rb3 Rf4+ 68.Kg3 Rxf5 69.Rxb7 Kc4 70.Rb6 Rxa5 71.Kg4 Kc5
72.Rb3 Rb5 73.Re3 Kb4 74.Re4+ Kb3 75.Re3+ Ka4 76.Re1 a5 77.Ra1+ Kb4 78.Rb1+ Kc4
79.Ra1 Kc3 80.Re1 a4 81.Re3+ Kd2 82.Re8 Ra5 83.Rd8+ Kc2 84.Rc8+ Kb2 85.Rb8+ Ka2
86.Rb7 Ka3 87.Rb8 Ka2 88.Rb7 Re5 89.Rb8 a3 90.Rb7 Ka1 91.Rb8 Rd5 92.Rb7 Rc5
93.Rb8 a2 94.Rb7 Rc2 95.Kxg5 Rb2 96.Rf7 Rg2+ 97.Kh4 Kb1 98.Kh3 Re2  0-1

[Event "TCh-BUL"]
[Site "Sunny Beach BUL"]
[Date "2009.06.08"]
[Round "1"]
[White "Andonov,B"]
[Black "Mladenov,I"]
[Result "1/2-1/2"]
[WhiteElo "2321"]
[BlackElo "2237"]

1.c4 c6 2.d4 d5 3.cxd5 cxd5 4.Nc3 Nf6 5.Nf3 Nc6 6.Bf4 Bf5 7.e3 e6 8.Qb3 Bb4
9.Bb5 O-O 10.Bxc6 Bxc3+ 11.Qxc3 Rc8 12.Ne5 Ng4 13.Nxg4 Bxg4 14.Qa3 Rxc6 15.Qxa7 Qd7
16.O-O Rc2 17.b3 Rfc8 18.Qa3 h6 19.Rfc1 Qb5 20.Rxc2 Rxc2 21.h3 Bf5 22.Rc1 Qa6
23.Bd6 Qxa3 24.Bxa3 Rxc1+ 25.Bxc1 Bb1 26.a3 Bc2 27.b4 b5 28.f3 f6 29.Bb2 Kf7
30.Bc3 Ke7 31.Be1 Bd3 32.Bg3 Bc4 33.Kf2 Bd3 34.Bb8 Kd7 35.Ba7 Ke7 36.Bc5+ Kf7
37.f4 f5 38.h4 h5 39.Ke1 Bc2  1/2-1/2

[Event "FSIMA June"]
[Site "Budapest HUN"]
[Date "2009.06.09"]
[Round "4"]
[White "Magyar,O"]
[Black "Hartl,D"]
[Result "1/2-1/2"]
[WhiteElo "2296"]
[BlackElo "2194"]

1.c4 c6 2.e4 d5 3.exd5 cxd5 4.d4 Nf6 5.Nc3 e6 6.Nf3 Be7 7.Bd3 O-O 8.O-O Nc6
9.a3 b6 10.Re1 Bb7  1/2-1/2

[Event "TCh-BUL"]
[Site "Sunny Beach BUL"]
[Date "2009.06.10"]
[Round "3"]
[White "Tsvetkov,I"]
[Black "Mladenov,I"]
[Result "1-0"]
[WhiteElo "2381"]
[BlackElo "2237"]

1.c4 c6 2.d4 d5 3.cxd5 cxd5 4.Nc3 Nf6 5.Bf4 Bf5 6.Qb3 Nc6 7.Nf3 Na5 8.Qd1 Nc6
9.e3 e6 10.Bb5 Nd7 11.O-O Rc8 12.Qa4 a6 13.Bxc6 Rxc6 14.Rfc1 Rc4 15.Qd1 Bb4
16.Nd2 Rc8 17.Qb3 Bxc3 18.Rxc3 Rxc3 19.Qxc3 O-O 20.Rc1 Qb6 21.Nb3 Qb5 22.Bd6 Re8
23.Qb4 Nb6 24.Na5 Nc4 25.Nxc4 dxc4 26.Rxc4 Qd5 27.Qc5 Qe4 28.Rc1 h6 29.h3 e5
30.Bxe5 Re6 31.Qc7 Rg6 32.Bg3 Bxh3 33.gxh3 h5 34.Qb8+ Kh7 35.Qe5 Qf3 36.Rc5 Rxg3+
37.fxg3 Qd1+ 38.Kf2 Qd2+ 39.Kf3 Qd1+ 40.Kf4 Qf1+ 41.Kg5 g6 42.Kh4  1-0

[Event "13th FIDE Open"]
[Site "Voronezh RUS"]
[Date "2009.06.14"]
[Round "3"]
[White "Danchenkova,J"]
[Black "Napalkov,V"]
[Result "0-1"]
[WhiteElo "1994"]
[BlackElo "2235"]

1.c4 c6 2.Nc3 d5 3.cxd5 cxd5 4.Nf3 Nf6 5.d3 e6 6.Bg5 Be7 7.Rc1 O-O 8.g3 Qb6
9.Na4 Qa5+ 10.Bd2 Bb4 11.Nc3 Qd8 12.a3 Be7 13.Nb5 Nc6 14.Bg2 Qb6 15.a4 a6
16.Nc3 Qxb2 17.Rb1 Qa3 18.e4 d4 19.Rb3 Qc5 20.Nb1 e5 21.O-O b5 22.axb5 axb5
23.Rb2 Qb6 24.Nh4 g6 25.Bh6 Rd8 26.h3 b4 27.Nd2 Be6 28.f4 Ra2 29.Rxa2 Bxa2
30.f5 Na5 31.Qa4 b3 32.Nc4 Nxc4 33.Qxc4 Qb4 34.Qa6 Qd6 35.Qc4 Qc5 36.Qa6 Qc8
37.Qa4 Qa8 38.Qb5 Qb8 39.Qc4 Rc8 40.Qa6 Qa8 41.Qb5 Rc5 42.Qb4 Qa7 43.Ra1 Qc7
44.Kh2 Ra5 45.Qd2 Nd7 46.Nf3 Ra8 47.Qe2 Rc8 48.Rxa2 bxa2 49.Qxa2 Nc5 50.Qd5 Bd6
51.Qc4  0-1

[Event "13th FIDE Open"]
[Site "Voronezh RUS"]
[Date "2009.06.14"]
[Round "3"]
[White "Peschansky,M"]
[Black "Matveenko,Y"]
[Result "1/2-1/2"]
[WhiteElo "2269"]
[BlackElo "2127"]

1.c4 c6 2.e4 d5 3.cxd5 cxd5 4.exd5 Nf6 5.Bb5+ Nbd7 6.Nc3 a6 7.Qa4 Rb8 8.Bxd7+ Qxd7
9.Qxd7+ Bxd7 10.d4 Bf5 11.Nge2 Rd8 12.Nf4 g5 13.Nfe2 h6 14.h4 g4 15.Nf4 b5
16.a3 Bc2 17.O-O Bb3 18.Re1 Nxd5 19.Ne4 Bg7 20.Nc5 Nxf4 21.Bxf4 Bc4 22.Nxa6 Rxd4
23.Be5 Bxe5 24.Rxe5 Kd7 25.Rae1 e6 26.b3  1/2-1/2

[Event "13th Open"]
[Site "Voronezh RUS"]
[Date "2009.06.15"]
[Round "4"]
[White "Lysyj,I"]
[Black "Popov,Iv RUS"]
[Result "1/2-1/2"]
[WhiteElo "2617"]
[BlackElo "2568"]

1.c4 c6 2.Nf3 d5 3.g3 Nf6 4.Bg2 Bf5 5.cxd5 cxd5 6.Qb3 Bc8 7.Ne5 e6 8.Nc3 Nfd7
9.Nxd7 Qxd7 10.d4 Nc6 11.Qa4 Be7 12.O-O O-O 13.Rd1 a6 14.e4 b5 15.Qc2 Bb7
16.e5 a5 17.Be3 Ba6 18.Rac1 Rfc8 19.Bf1 Qb7 20.Qd2 a4 21.Bd3 b4 22.Ne2 Na5
23.Nf4 Bxd3 24.Nxd3 Rc4 25.Qe2 Rac8 26.Nc5 Bxc5 27.dxc5 b3 28.a3 Re4 29.Rd4 Nc6
30.Rxe4 dxe4 31.Qc4 Nxe5 32.Qxa4 f5 33.Rc3 Qf7 34.Qxb3 Rd8 35.Bf4 Nf3+ 36.Rxf3 exf3
37.Qxf3 Qf6 38.Qe3 e5 39.Bxe5 Rd1+ 40.Kg2 Qc6+ 41.Kh3 h6 42.Bd6 Qd5 43.Bf4 Qc4
44.Qe5 Qf1+ 45.Kh4 Qd3 46.Bxh6  1/2-1/2

[Event "Open"]
[Site "Varna BUL"]
[Date "2009.06.16"]
[Round "5"]
[White "Dimitrov,R"]
[Black "Ivelinov,H"]
[Result "0-1"]
[WhiteElo "2388"]
[BlackElo "2168"]

1.c4 c6 2.Nc3 d5 3.d4 Nf6 4.Nf3 dxc4 5.a4 Bg4 6.e4 e6 7.Be3 Bb4 8.Qc2 Qa5
9.Nd2 b5 10.Ra2 Bxc3 11.bxc3 Qc7 12.Qb2 a6 13.f3 Bh5 14.Be2 O-O 15.axb5 cxb5
16.O-O Nc6 17.Rfa1 Qc8 18.g4 Bg6 19.g5 Nd7 20.f4 f5 21.d5 Nd8 22.exf5 Bxf5
23.dxe6 Nxe6 24.Bf3 Bh3 25.Ne4 Ne5 26.fxe5 Rxf3 27.Qd2 Qc6 28.Ng3 Raf8 29.Qe2 Qb7
30.Bd4 Nf4 31.Qc2 Bf5 32.Qxf5 Rxf5 33.Nxf5 Nh3+ 34.Kg2 Rxf5+  0-1

[Event "SCT GM"]
[Site "Stockholm SWE"]
[Date "2009.06.19"]
[Round "3"]
[White "Miezis,N"]
[Black "Blomqvist,E"]
[Result "1-0"]
[WhiteElo "2579"]
[BlackElo "2436"]

1.c4 c6 2.e4 d5 3.exd5 cxd5 4.cxd5 Nf6 5.Qa4+ Nbd7 6.Nc3 g6 7.Nf3 Bg7 8.Qh4 O-O
9.Bc4 a6 10.d4 b5 11.Bb3 b4 12.Na4 Bb7 13.O-O Bxd5 14.Ne5 Nxe5 15.dxe5 Bxb3
16.axb3 Nd5 17.Bg5 Qc7 18.Rae1 e6 19.Bh6 Rac8 20.Bxg7 Kxg7 21.Qg3 Qc2 22.Qf3 Rc6
23.Re4 Rfc8 24.g3 Qd2 25.Re2 Qg5 26.h4 Qf5 27.Kg2 h5 28.Re4 Rc2 29.Rd1 Rxf2+
30.Kxf2 Qh3 31.Rh1  1-0

[Event "SCT GM"]
[Site "Stockholm SWE"]
[Date "2009.06.19"]
[Round "3"]
[White "Djuric,S"]
[Black "Engqvist,T"]
[Result "1/2-1/2"]
[WhiteElo "2447"]
[BlackElo "2359"]

1.c4 c6 2.Nc3 d5 3.e3 Nf6 4.d4 g6 5.Nf3 Bg7 6.Be2 O-O 7.O-O a6 8.Bd2 dxc4
9.Bxc4 b5 10.Be2 Nbd7 11.Qc2 Qc7 12.Rac1 Bb7 13.e4 e5 14.Nd5 Nxd5 15.exd5 Rfc8
16.dxc6  1/2-1/2

[Event "4th Polonia Wroclaw Open A"]
[Site "Warsaw POL"]
[Date "2009.06.20"]
[Round "1"]
[White "Fridman,D2"]
[Black "Janocha,W"]
[Result "1-0"]
[WhiteElo "2646"]
[BlackElo "2294"]

1.c4 c6 2.e4 d5 3.exd5 cxd5 4.d4 Nf6 5.Nc3 e6 6.Nf3 Be7 7.cxd5 exd5 8.Bb5+ Bd7
9.Qb3 Bxb5 10.Qxb5+ Qd7 11.O-O O-O 12.Qb3 Nc6 13.Bg5 Na5 14.Qc2 b5 15.Rfe1 Rfe8
16.Re5 Rac8 17.Qf5 Qxf5 18.Rxf5 a6 19.Bxf6 Bxf6 20.Nxd5 Re2 21.g4 Rcc2 22.a4 Nb3
23.Ra3 bxa4 24.Rxa4 a5 25.g5 Bd8 26.Ne3 Rxb2 27.Rc4 g6 28.Re5 Kg7 29.Rc8 Bxg5
30.Nxg5 Rxf2 31.Ree8 Rf4 32.h3 h5 33.Ne4 Rxe4 34.Rxe4 a4 35.Ra8 Nd2 36.Rf4 Rb3
37.Kf2 f5 38.Rxa4 Ne4+ 39.Rxe4 fxe4 40.d5  1-0

[Event "Oceania Zonal"]
[Site "Gold Coast AUS"]
[Date "2009.06.21"]
[Round "3"]
[White "Grigg,S"]
[Black "Krstev,M"]
[Result "0-1"]
[WhiteElo "1927"]
[BlackElo "2085"]

1.c4 c6 2.Nc3 d5 3.cxd5 cxd5 4.d4 Nc6 5.Bf4 Nf6 6.e3 a6 7.Rc1 e6 8.a3 Bd6
9.Bxd6 Qxd6 10.f4 O-O 11.Bd3 Nd7 12.g4 f6 13.Nf3 Ne7 14.g5 e5 15.dxe5 fxe5
16.Nh4 exf4 17.Bxh7+ Kxh7 18.Qh5+ Kg8 19.O-O Ne5 20.g6 N5xg6 21.Nf3 Qe6 22.Ng5 Qg4+  0-1

[Event "CIQ"]
[Site "Montreal CAN"]
[Date "2009.06.25"]
[Round "7"]
[White "Kovalyov,A"]
[Black "Bhat,V"]
[Result "1/2-1/2"]
[WhiteElo "2557"]
[BlackElo "2475"]

1.c4 c6 2.d4 d5 3.Nf3 Nf6 4.Qb3 dxc4 5.Qxc4 Bg4 6.Nbd2 Nbd7 7.g3 e6 8.Bg2 Be7
9.O-O Bh5 10.b3 O-O 11.Bb2 a5 12.a3 Rc8 13.Rfc1 b5 14.Qc2 c5 15.Qd3 Qb6 16.e3 Rfd8
17.Qf1 Bg6 18.Nh4 Bh5 19.Nhf3 Bg6 20.a4 bxa4 21.Rxa4 Ne4 22.Rca1 Nxd2 23.Nxd2 Bf6
24.Bc3 Qb8 25.Rxa5  1/2-1/2

[Event "Petr Izmailov Mem"]
[Site "Tomsk RUS"]
[Date "2009.06.27"]
[Round "4"]
[White "Kovalev,Vit"]
[Black "Petrukhina,I"]
[Result "0-1"]
[WhiteElo "1958"]
[BlackElo "2059"]

1.c4 c6 2.Nc3 d5 3.d4 Nf6 4.Nf3 e6 5.Bg5 dxc4 6.e3 b5 7.a4 Bb4 8.Qc2 a6 9.Be2 Bb7
10.O-O Nbd7 11.Ne5 Qc7 12.Bxf6 Nxf6 13.f4 O-O 14.Rf3 c5 15.Rh3 cxd4 16.Ng4 d3
17.Nxf6+ gxf6 18.Bxd3 cxd3 19.Qxd3 Rfd8 20.Qxh7+ Kf8 21.Rc1 Bxc3 22.bxc3 Rd2
23.Rg3 Qc6 24.Qg7+ Ke8 25.h4 Qd5 26.h5 Rd1+ 27.Rxd1 Qxd1+ 28.Kh2 Qxh5+ 29.Rh3 Qg6
30.Rh8+ Kd7  0-1

[Event "Open Duras BVK FIDE"]
[Site "Brno CZE"]
[Date "2009.06.29"]
[Round "4"]
[White "Mudra,T"]
[Black "Snorek,M"]
[Result "0-1"]
[WhiteElo "2150"]
[BlackElo "2155"]

1.c4 c6 2.g3 d5 3.Bg2 Nf6 4.Nf3 Bf5 5.b3 e6 6.O-O Nbd7 7.Bb2 Be7 8.d3 h6
9.Na3 O-O 10.Nc2 a5 11.a3 c5 12.Re1 d4 13.b4 axb4 14.axb4 Rxa1 15.Qxa1 b6
16.Qa7 e5 17.Nd2 cxb4 18.Ra1 Bc5 19.Qa4 Qe7 20.Qb3 Bg4 21.e3 Qd6 22.h3 Be6
23.exd4 exd4 24.Nf3 b5 25.Nfxd4 bxc4 26.dxc4 Nh5 27.Ra5 Ne5 28.Bf1 Bd7 29.Nf3 f6
30.Ncd4 Qb6 31.Ra2 Nxg3 32.Nxe5 fxe5 33.Qxg3 exd4 34.Bd3 Qf6 35.Bc1 Bd6 36.Qg2 Bc6
37.Qg4 b3 38.Re2 Qf3 39.Qxf3 Rxf3 40.Bb1 Rxh3 41.Be4 d3 42.Re1 Bb4  0-1

[Event "1st Int Open"]
[Site "Perugia ITA"]
[Date "2009.06.29"]
[Round "4"]
[White "Laketic,G"]
[Black "Bighiu,G"]
[Result "1-0"]
[WhiteElo "2457"]
[BlackElo "2045"]

1.c4 c6 2.e4 d5 3.exd5 cxd5 4.d4 e6 5.Nc3 Nf6 6.Nf3 Bb4 7.Bd3 dxc4 8.Bxc4 O-O
9.O-O Nc6 10.Bg5 Be7 11.a3 a6 12.Qd3 b5 13.Ba2 Bb7 14.Rad1 Na5 15.Rfe1 Rc8
16.Ne5 Nd5 17.Bxd5 Rxc3 18.Qxc3 Qxd5 19.Nf3 Bxg5 20.Re5 Qb3 21.Qxb3 Nxb3
22.Nxg5 f6 23.Re3 fxg5 24.Rxb3 Bd5 25.Rc3  1-0

[Event "King's Gambit B"]
[Site "Lipetsk RUS"]
[Date "2009.06.30"]
[Round "8"]
[White "Lomako,P"]
[Black "Nikitin,Y2"]
[Result "1-0"]
[WhiteElo "2417"]
[BlackElo "2292"]

1.c4 c6 2.d4 d5 3.e3 Nf6 4.Nf3 e6 5.Nbd2 Nbd7 6.Bd3 Bd6 7.O-O O-O 8.e4 dxe4
9.Nxe4 Nxe4 10.Bxe4 Nf6 11.Bc2 h6 12.b3 c5 13.Bb2 b6 14.Qd3 cxd4 15.Nxd4 Bb7
16.Rad1 Be4 17.Qe3 Bxc2 18.Nxc2 Ne8 19.Rd3 Qc7 20.h3 Rd8 21.Rfd1 Bf4 22.Qf3 Rxd3
23.Qxd3 Nf6 24.g3 Be5 25.Ba3 Re8 26.f4 Bxf4 27.gxf4 Qxf4 28.Qe3 Qf5 29.Nd4 Qg6+
30.Kh1 e5 31.Nc6 Qh5 32.Rg1 e4 33.Bb2 Re6 34.Nd8 Rd6 35.Rxg7+ Kxg7 36.Qg3+ Kh7
37.Qxd6 Qxh3+ 38.Kg1 Qe3+ 39.Kf1 Ng4 40.Qd4 Qf3+ 41.Ke1 f6 42.Ne6 Ne5 43.Qg1 Ng6
44.Qf2 Qxf2+ 45.Kxf2 f5 46.Ke3 Nh4 47.Bf6 Nf3 48.Nd4 Nxd4 49.Bxd4 Kg6 50.Kf4 h5
51.b4 h4 52.b5 Kf7 53.c5 Ke6 54.cxb6 axb6 55.Bxb6  1-0

[Event "Open"]
[Site "Pula CRO"]
[Date "2009.06.30"]
[Round "4"]
[White "Shtivelband,V"]
[Black "Doric,N"]
[Result "0-1"]
[WhiteElo "2180"]
[BlackElo "2344"]

1.c4 c6 2.d4 d5 3.cxd5 cxd5 4.Nc3 Nf6 5.Bf4 Nc6 6.e3 Bf5 7.Nf3 e6 8.Qb3 Bb4
9.Be2 O-O 10.O-O Rc8 11.Rac1 Nd7 12.Nb5 Qb6 13.Nd6 Bxd6 14.Qxb6 Nxb6 15.Bxd6 Rfd8
16.Ba3 Nc4 17.Nh4 Nxa3 18.bxa3 Bg6 19.Nxg6 hxg6 20.Rb1 Rc7 21.Rfc1 Rdc8 22.Kf1 Na5
23.Rxc7 Rxc7 24.Bd1 Nc4 25.Rb4 Nxa3 26.Ra4 Nb5 27.Rb4 Nd6 28.Ke1 Kf8 29.f3 Ke7
30.Kd2 a5 31.Rb1 b5 32.Be2 b4 33.h4 Rc3 34.g4 Nc4+ 35.Bxc4 dxc4  0-1

[Event "Petr Izmailov Mem"]
[Site "Tomsk RUS"]
[Date "2009.06.30"]
[Round "7"]
[White "Glukhov,M"]
[Black "Ainutdinova,Y"]
[Result "1-0"]
[WhiteElo "2205"]
[BlackElo "1887"]

1.c4 c6 2.Nf3 d5 3.e3 Nf6 4.Qc2 Nbd7 5.d4 e6 6.Nbd2 Bd6 7.Be2 O-O 8.O-O e5
9.cxd5 cxd5 10.dxe5 Nxe5 11.Nxe5 Bxe5 12.Nf3 Bc7 13.Bd2 Bg4 14.Rac1 Rc8 15.Qb3 a5
16.Rfd1 Qd6 17.g3 Ne4 18.Be1 Rfd8 19.Nd4 Bxe2 20.Nxe2 Bb6 21.Rxc8 Rxc8 22.Rxd5 Qf6
23.Nc3 Qe6 24.Rb5 Qg4 25.Rxb6 Ng5 26.Qd5 Nf3+ 27.Kf1 g5 28.Rf6 Nxh2+ 29.Kg2 Qh5
30.Qd7 Rf8 31.Qh3  1-0

[Event "Petr Izmailov Mem"]
[Site "Tomsk RUS"]
[Date "2009.07.01"]
[Round "8"]
[White "Bocharov,D"]
[Black "Belozerov,A"]
[Result "1-0"]
[WhiteElo "2606"]
[BlackElo "2492"]

1.c4 c6 2.Nf3 d5 3.e3 Nf6 4.Nc3 e6 5.b3 Nbd7 6.Bb2 Bd6 7.Qc2 O-O 8.Rg1 e5
9.cxd5 Nxd5 10.Ne4 Qe7 11.Nxd6 Qxd6 12.a3 Re8 13.d3 c5 14.Be2 b6 15.g4 Bb7
16.h4 a5 17.g5 a4 18.h5 b5 19.g6 fxg6 20.hxg6 h6 21.Nd2 N7f6 22.bxa4 Rxa4
23.Ne4 Qb6 24.Nxc5 Raa8 25.Nxb7 Qxb7 26.Qb3 Kh8 27.Rc1 Qb6 28.Rg3 Rad8 29.Kf1 Ne7
30.Kg1 Nf5 31.Rh3 Nd5 32.Bh5 Nfxe3 33.fxe3 Nxe3 34.Kh1 Rf8 35.Bf3 Qxg6 36.Be4 Qg5
37.Rg1 Rf1 38.Rxf1 Nxf1 39.Qxb5 Ng3+ 40.Rxg3 Qxg3 41.Qxe5 Qh3+ 42.Kg1 Qg4+
43.Bg2 Rf8 44.Qe1 Qg6 45.Qe3 Re8 46.Be5 Re6 47.d4 Qg4 48.Qe4 Qxe4 49.Bxe4 Ra6
50.d5 Ra4 51.Bf5 Kg8 52.Bc7 Kf7 53.d6 Rd4 54.d7 Ke7 55.d8=Q+ Rxd8 56.Bxd8+ Kxd8
57.Kf2 Kc7 58.Ke3 Kb6 59.Kd4 Kb5 60.Kc3 h5 61.Kb3 g5 62.Bg6 h4 63.Bf5 Kc5
64.a4 Kd4 65.a5 Kc5 66.Ka4  1-0

[Event "Open"]
[Site "Pula CRO"]
[Date "2009.07.02"]
[Round "7"]
[White "Sebenik,M"]
[Black "Medic,Mir"]
[Result "1-0"]
[WhiteElo "2482"]
[BlackElo "2313"]

1.c4 c6 2.e4 d5 3.exd5 cxd5 4.cxd5 Qxd5 5.Nc3 Qa5 6.d4 e6 7.Nf3 Nf6 8.Bc4 Be7
9.O-O O-O 10.a3 a6 11.Bg5 b5 12.Ba2 b4 13.axb4 Qxb4 14.Qe2 h6 15.Bh4 Bb7
16.Rad1 Nc6 17.Bxf6 Bxf6 18.d5 Nd4 19.Nxd4 Bxd4 20.dxe6 fxe6 21.Qxe6+ Kh8
22.Bb1 Rf6 23.Qd7 Rd6 24.Qf5 g6 25.Qf7 Rg8 26.Ba2 Rg7 27.Qf8+ Kh7 28.Rfe1 Be5
29.Qe8 Qg4 30.Nd5 Re6 31.Qd8 Rf7 32.h3 Qf5 33.f3 Bd4+ 34.Kh1 Bxd5 35.Bxd5 Rxe1+
36.Rxe1 Qd7 37.Qa8 Qa7 38.Qe8 Rg7 39.Qe2 h5 40.b3 a5 41.f4 Bf2 42.Rf1 Bg3
43.f5 h4 44.f6 Rd7 45.f7 Bd6 46.Qe8  1-0

[Event "XVII Open"]
[Site "Montcada i Reixac ESP"]
[Date "2009.07.03"]
[Round "8"]
[White "Gonzalez Rodriguez,JA"]
[Black "Cuartas,Ja"]
[Result "0-1"]
[WhiteElo "2407"]
[BlackElo "2518"]

1.c4 c6 2.d4 d5 3.e3 Nf6 4.Nf3 Bg4 5.Qb3 Qb6 6.Ne5 Bf5 7.Nc3 e6 8.Bd2 Nbd7
9.Nxd7 Nxd7 10.Be2 Qxb3 11.axb3 Bc2 12.Bd1 Bxd1 13.Kxd1 f5 14.Ke2 a6 15.f3 Nf6
16.e4 fxe4 17.fxe4 Bb4 18.e5 Bxc3 19.Bxc3 Ne4 20.Bb4 b6 21.Bd6 Nxd6 22.exd6 Kd7
23.c5 bxc5 24.dxc5 e5 25.b4 Ke6 26.Kd3 Rhb8 27.Ra4 Rb5 28.Rha1 Rab8 29.Rxa6 Rxb4
30.R1a2 d4 31.Rxc6 Kd5 32.Rc7 e4+ 33.Kd2 e3+ 34.Ke2 Rf8 35.d7 Kc4 36.Ke1 d3  0-1

[Event "ch-NOR"]
[Site "Bergen NOR"]
[Date "2009.07.04"]
[Round "1"]
[White "Lie,K"]
[Black "Lovik,L"]
[Result "0-1"]
[WhiteElo "2541"]
[BlackElo "2296"]

1.c4 c6 2.g3 d5 3.Bg2 Nf6 4.Nf3 e6 5.b3 Nbd7 6.Bb2 b6 7.O-O Bb7 8.Qc2 Bd6
9.d3 O-O 10.e4 e5 11.Nc3 Re8 12.Rad1 d4 13.Ne2 c5 14.Nh4 g6 15.Bc1 Nh5 16.Bd2 Ng7
17.Bh6 Be7 18.Nf3 Rb8 19.Nd2 Bd6 20.f4 exf4 21.gxf4 Nf5 22.exf5 Rxe2 23.Bxb7 Qh4
24.Bg2 Qxh6 25.Rde1 Rxe1 26.Rxe1 Qxf4 27.fxg6 Qxh2+ 28.Kf1 fxg6 29.Nf3 Rf8
30.Re8 Qf4 31.Re4 Qf6 32.Kg1 Bf4 33.Qe2 Be3+ 34.Kh1 g5 35.Nh2 Ne5 36.Ng4 Nxg4
37.Qxg4 Qh6+ 38.Qh3 Qxh3+ 39.Bxh3 Kg7 40.Re7+ Rf7 41.Re8 h5 42.Be6 Rf2 43.Bd5 Rxa2
44.Rg8+ Kf6 45.Rh8 h4 46.Be4 Ke5 47.Rf8 h3 48.Rf5+ Ke6 49.Rf3 h2 50.Rh3 g4
51.Rxh2 Ra1+ 52.Kg2 Rg1+  0-1

[Event "ch-IRL"]
[Site "Dublin IRL"]
[Date "2009.07.05"]
[Round "2"]
[White "Fairbairn,S"]
[Black "Babei,A"]
[Result "1/2-1/2"]
[WhiteElo "2073"]
[BlackElo "2015"]

1.c4 c6 2.g3 d5 3.d4 Nf6 4.Bg2 a6 5.b3 Bf5 6.Nf3 e6 7.O-O Bd6 8.Bb2 O-O 9.Nc3 Nbd7
10.Nh4 Bg6 11.Nxg6 hxg6 12.e4 dxe4 13.Nxe4 Nxe4 14.Bxe4 Nf6 15.Bg2 Be7 16.Qe2 Qc7
17.Rac1 Rad8 18.Rfd1 Rfe8 19.Qf3 Qa5 20.Rc2 Ba3 21.Bc3 Bb4 22.Bb2 Ba3 23.Bc3 Bb4
24.Bb2  1/2-1/2

[Event "37th Greek Teams"]
[Site "Kallithea GRE"]
[Date "2009.07.05"]
[Round "5"]
[White "Tsarouhas,K"]
[Black "Tsiamis,K"]
[Result "1/2-1/2"]
[WhiteElo "2226"]
[BlackElo "2303"]

1.c4 c6 2.Nc3 d5 3.d4 Nf6 4.Nf3 e6 5.Bg5 dxc4 6.e4 b5 7.e5 h6 8.Bh4 g5 9.Nxg5 hxg5
10.Bxg5 Nbd7 11.g3 Bb7 12.exf6 c5 13.d5 Qb6 14.Bg2 O-O-O 15.O-O b4 16.Rb1 Qa6
17.dxe6 Bxg2 18.e7 Bxf1 19.Kxf1 Bxe7  1/2-1/2

[Event "12th Festival IM"]
[Site "Bischwiller FRA"]
[Date "2009.07.07"]
[Round "3"]
[White "Heinz,Ti"]
[Black "Reinhart,E"]
[Result "1/2-1/2"]
[WhiteElo "2279"]
[BlackElo "2300"]

1.c4 c6 2.Nf3 Nf6 3.d4 d5 4.e3 Bf5 5.Nc3 e6 6.Nh4 Bg4 7.Qb3 Qc7 8.h3 Bh5
9.g4 Bg6 10.Nxg6 hxg6 11.g5 Nh5 12.Bd2 Be7 13.e4 Nf4  1/2-1/2

[Event "37th Greek Teams"]
[Site "Kallithea GRE"]
[Date "2009.07.08"]
[Round "8"]
[White "Chatalbashev,B"]
[Black "Dimitrov,At"]
[Result "1/2-1/2"]
[WhiteElo "2548"]
[BlackElo "2345"]

1.c4 c6 2.Nf3 d5 3.e3 Nf6 4.Nc3 g6 5.d4 Bg7 6.Bd3 O-O 7.O-O Bg4 8.h3 Bxf3
9.Qxf3 e6 10.Bd2 c5 11.cxd5 cxd4 12.exd4 Nxd5 13.Be4 Nc6 14.Be3 Nxd4 15.Bxd4 Bxd4
16.Bxd5 exd5 17.Nxd5 Qa5 18.b4 Qa4 19.Rad1 Bg7 20.a3 Kh8 21.Rd3 Rae8 22.Rc1 Bb2
23.Rcd1 Bg7 24.g4 Kg8 25.Kg2 Re5 26.Rc1 f5 27.g5 Qe8 28.Qf4 Qe6 29.Rcd1 Re4
30.Qf3 Be5 31.Re3 Bg7 32.Red3 Be5 33.a4 a5 34.bxa5 Rf7 35.Nb6 Qe7 36.Kf1 Qxg5
37.Rd7 Rxd7 38.Nxd7 Bg7 39.Qb3+ Kh8 40.Qxb7 h5 41.a6 Qh4 42.Rd3 Rxa4 43.Kg2 Qc4
44.Ne5 Qxa6 45.Nf7+ Kh7 46.Ng5+ Kh6 47.Nf7+ Kh7 48.Ng5+ Kh6 49.Nf7+  1/2-1/2

[Event "ch-EGY"]
[Site "Cairo EGY"]
[Date "2009.07.09"]
[Round "2"]
[White "Frhat,A"]
[Black "Wageih,K"]
[Result "1-0"]
[WhiteElo "2397"]
[BlackElo "2253"]

1.c4 c6 2.e4 d5 3.exd5 cxd5 4.d4 Nf6 5.Nf3 Nc6 6.Nc3 g6 7.cxd5 Nxd5 8.Qb3 Nb6
9.d5 Nb8 10.Bb5+ N8d7 11.O-O Bg7 12.Re1 O-O 13.Bg5 Nf6 14.Rad1 Qd6 15.h3 Bd7
16.Bxf6 exf6 17.Ne4 Qb8 18.Bxd7 Nxd7 19.d6 Rd8 20.Neg5 fxg5 21.Re7 Rf8 22.Rxd7 Qc8
23.Rxb7 Bf6 24.Qd5 Qc2 25.Re1 Rad8 26.g4 h6 27.Kg2 a6 28.Ne5 Bxe5 29.Rxe5 Qa4
30.b4 Rde8 31.Rxe8 Qxe8 32.Re7 Qb8 33.d7 Qd8 34.Qe5 Qa8+ 35.Qe4 Qd8 36.a3 Qc7
37.Qd5 Qd8 38.Re2 Qc7 39.Re8 Rxe8  1-0

[Event "19th Heart of Finland Open"]
[Site "Jyvaskyla FIN"]
[Date "2009.07.09"]
[Round "5"]
[White "Ivanov,SA"]
[Black "Pohjala,H"]
[Result "1/2-1/2"]
[WhiteElo "2359"]
[BlackElo "2135"]

1.c4 c6 2.e4 e5 3.Nc3 d6 4.g3 g6 5.Bg2 Bg7 6.Nge2 Ne7 7.O-O O-O 8.d4 Qc7
9.Be3 Nd7 10.f4 exd4 11.Bxd4 f5 12.Bxg7 Kxg7 13.Qd4+ Kg8 14.Rfd1 fxe4 15.Bxe4 Nf6
16.Qxd6 Qxd6 17.Rxd6 Bg4 18.Bg2 Nf5 19.Rd3 Rfe8 20.Rd2 Ne3 21.b3 Rad8 22.Rb2 Rd3
23.Rc1 Nxg2 24.Kxg2 Bf3+ 25.Kg1 Ng4 26.h3 Ne3 27.Kf2 Bxe2 28.Rxe2 Rxc3 29.Rxc3 Nd1+
30.Ke1 Rxe2+ 31.Kxd1 Rxa2 32.Rd3 b6 33.Rd2 Ra1+  1/2-1/2